000 nam a22 4500
999 _c9092
_d9092
008 180410b ||||| |||| 00| 0 eng d
245 _aCollege 101: Relationships.
260 _aDavao City
_bSun Star Davao
_cc2016
300 _apage B-10.
650 0 _927246
_aMan-Woman relationship.
942 _2ddc
_cPER